000 00468nam a2200145Ia 4500
008 211109s9999||||xx |||||||||||||| ||und||
082 _a894.812
_bMAT-N
100 _aMattom, C K
245 0 _aNiroopana Sahithyam
260 _bNATIONAL BOOKSTALL
_aKottayam
_c1958
300 _a138p
630 _xGeneral Stack
650 _aLiterature & rhetoric
_vLiteratures of other languagesAltaic, Uralic, Hyperborean & Dravidianmalayalam literature
_xMalayalam
942 _cBOOK
999 _c19425
_d19425